Matematičeskaja kinetika reagirujuščich gazov /
Salvato in:
| Autore principale: | |
|---|---|
| Natura: | Libro |
| Pubblicazione: |
Moskva :
Nauka,
1982
|
| Tags: |
Nessun Tag, puoi essere il primo ad aggiungerne!!
|
MARC
| LEADER | 00000nam a22000003a 4500 | ||
|---|---|---|---|
| 001 | stu19549 | ||
| 005 | 20150617225753.6 | ||
| 008 | ------s1982----xxr---------------------d | ||
| 040 | |a STU |b slo | ||
| 041 | 0 | ||
| 044 | |a xxr | ||
| 080 | |a 519.6 | ||
| 100 | 1 | |a Aleksejev, Boris Vladimirovič |4 aut | |
| 245 | 1 | |a Matematičeskaja kinetika reagirujuščich gazov / |c [aut.]Aleksejev,Boris Vladimirovič | |
| 260 | |a Moskva : |b Nauka, |c 1982 | ||
| 300 | |a 419 s : |b Tab.,grafy,lit | ||
| 996 | |b C67596 |c C*67596 |l CCVIIIB |s P |a 0 |w stu19549_0001 | ||
| 996 | |b C68012 |c C*68012 |l CCVIIIB |s P |a 0 |w stu19549_0002 | ||
| 996 | |b C77837 |c C*77837 |l CCXVIII |s P |a 0 |w stu19549_0003 | ||
| 996 | |b C77986 |c C*77986 |l CCV |s P |a 0 |w stu19549_0004 | ||
| 996 | |b C76439 |c C*76439 |l CCVI |s P |a 0 |w stu19549_0005 | ||